LIBRARY NETWORKING (Record no. 216177)
[ view plain ]
| 000 -LEADER | |
|---|---|
| fixed length control field | 00477nam a22001457a 4500 |
| 008 - FIXED-LENGTH DATA ELEMENTS--GENERAL INFORMATION | |
| fixed length control field | 251113b |||||||| |||| 00| 0 eng d |
| 020 ## - INTERNATIONAL STANDARD BOOK NUMBER | |
| International Standard Book Number | 979-8-88715-082-6 |
| 245 ## - TITLE STATEMENT | |
| Title | LIBRARY NETWORKING |
| 260 ## - PUBLICATION, DISTRIBUTION, ETC. | |
| Place of publication, distribution, etc. | DUBLIN |
| Name of publisher, distributor, etc. | ORYSON PRESS |
| Date of publication, distribution, etc. | 2023 |
| 300 ## - PHYSICAL DESCRIPTION | |
| Extent | VI, 280P. |
| 500 ## - GENERAL NOTE | |
| General note | INCLUDES INDEX |
| 650 ## - SUBJECT ADDED ENTRY | |
| Topical term or geographic name entry element | 1. INFORMATION TECHNOLOGY -LIBRARY APPLICATION 2. LIBRARY INFORMATION TECHNOLOGY 3. INFORMATION TECHNOLOGY- LIBRARY APPLICATIONS |
| 942 ## - ADDED ENTRY ELEMENTS (KOHA) | |
| Source of classification or shelving scheme | Library of Congress Classification |
| Koha item type | Long Loan Book |
| Withdrawn status | Lost status | Source of classification or shelving scheme | Damaged status | Not for loan | Collection | Home library | Current library | Shelving location | Date acquired | Inventory number | Total checkouts | Full call number | Barcode | Date last seen | Copy number | Price effective from | Koha item type | Date last checked out |
|---|---|---|---|---|---|---|---|---|---|---|---|---|---|---|---|---|---|---|
| Library of Congress Classification | Science & Technology | Kisii University Library | Kisii University Library | On Display | 11/13/2025 | 109757 | Z 678 .M39 2023 | 000000018192 | 11/13/2025 | C.1 | 11/13/2025 | Long Loan Book | ||||||
| Library of Congress Classification | Science & Technology | Kisii University Library | Kisii University Library | On Display | 11/13/2025 | 109758 | Z 678 .M39 2023 | 000000018193 | 11/13/2025 | C.2 | 11/13/2025 | Long Loan Book | ||||||
| Library of Congress Classification | Science & Technology | Kisii University Library | Kisii University Library | On Display | 11/13/2025 | 109759 | Z 678 .M39 2023 | 000000018194 | 11/13/2025 | C.3 | 11/13/2025 | Long Loan Book | ||||||
| Library of Congress Classification | Science & Technology | Kisii University Library | Kisii University Library | On Display | 11/13/2025 | 109760 | 1 | Z 678 .M39 2023 | 000000018291 | 03/09/2026 | C.4 | 11/13/2025 | Long Loan Book | 03/03/2026 |